Выбор, проектирование и монтаж электроустановок зданий: справочное пособие

التفاصيل البيبلوغرافية
المؤلف الرئيسي: Акимов Е. Г. Евгений Георгиевич
الملخص:В пособии даны рекомендации по проектированию и монтажу систем электроснабжения зданий бытового и общественно-административного назначения. Основное внимание уделено подготовке технического задания и выбору изделий и оборудования для практической реализации проекта. Пособие построено по принципу хода выполнения работ и содержит конкретный пример проектирования электроснабжения здания. Пособие изобилует множеством информационно-справочных материалов и рассчитано на проектировщиков и монтажников низковольтной электротехнической аппаратуры, а также будет полезно студентам и учащимся электротехнических специальностей, специалистам-неэлектротсхникам, кто связан с электротехникой по роду своей профессиональной деятельности.
اللغة:الروسية
منشور في: Москва, СмартБук, 2009
الموضوعات:
التنسيق: MixedMaterials كتاب
KOHA link:https://koha.lib.tpu.ru/cgi-bin/koha/opac-detail.pl?biblionumber=268785

MARC

LEADER 00000nam0a2200000 4500
001 268785
005 20231101234210.0
010 |a 9785979101507 
035 |a (RuTPU)RU\TPU\book\291941 
090 |a 268785 
100 |a 20140909d2009 km y0rusy50 ca 
101 0 |a rus 
102 |a RU 
105 |a a g 001zy 
200 1 |a Выбор, проектирование и монтаж электроустановок зданий  |e справочное пособие  |f Е. Г. Акимов 
210 |a Москва  |c СмартБук  |d 2009 
215 |a 240 с.  |c ил. 
320 |a Библиогр.: с. 237-238. 
330 |a В пособии даны рекомендации по проектированию и монтажу систем электроснабжения зданий бытового и общественно-административного назначения. Основное внимание уделено подготовке технического задания и выбору изделий и оборудования для практической реализации проекта. Пособие построено по принципу хода выполнения работ и содержит конкретный пример проектирования электроснабжения здания. Пособие изобилует множеством информационно-справочных материалов и рассчитано на проектировщиков и монтажников низковольтной электротехнической аппаратуры, а также будет полезно студентам и учащимся электротехнических специальностей, специалистам-неэлектротсхникам, кто связан с электротехникой по роду своей профессиональной деятельности. 
606 1 |a Электрические установки  |x Монтаж  |2 stltpush  |3 (RuTPU)RU\TPU\subj\27680  |9 51400 
610 1 |a проекты 
610 1 |a разработка 
610 1 |a техническое задание 
610 1 |a электрооборудование 
610 1 |a выбор 
610 1 |a электромонтажные работы 
610 1 |a схемотехнические решения 
610 1 |a разрешающие работы 
610 1 |a присоединительные работы 
610 1 |a электроснабжение 
610 1 |a согласование 
610 1 |a справочники 
610 1 |a приемо-сдаточные испытания 
675 |a 621.31.002.72(035)  |v 3 
700 1 |a Акимов  |b Е. Г.  |g Евгений Георгиевич 
801 1 |a RU  |b 63413507  |c 20140909 
801 2 |a RU  |b 63413507  |c 20150604  |g RCR 
942 |c BK 
959 |a 128/20140908  |d 5  |e 1598,30  |f ЧЗТЛ:1  |f АНЛ:1  |f УФ:3